| 000 | 01387cam a22003737a 4500 | ||
|---|---|---|---|
| 003 | CHAP | ||
| 005 | 20220329142431.0 | ||
| 008 | 010129d2000 mx o r 00110 spa d | ||
| 010 | _a83376 | ||
| 011 | _a84348 | ||
| 035 | _a94868 | ||
| 040 | _cCHAP | ||
| 090 | _aTesis | ||
| 100 | 0 | 0 |
_aMartínez Alonso, Jesús Leopoldo. _971799 |
| 245 | 1 | 3 |
_aLa CNC ante el proceso de transición política en Culiacán, Sinaloa : _bun análisis en el proceso electoral del año 2000 _c/por Jesús Leopoldo Martínez Alonso. |
| 260 |
_aChapingo, Méx. : _bEl autor, _c2000. |
||
| 300 |
_a83h. : _banexos; fots. |
||
| 502 | _aTesis (Ing. Agr. Esp. en Sociología Rural) -- UACH. Departamento de Sociología Rural. | ||
| 590 |
_aALEPH _b10 _c20130110 _lUCH01 _h1441 |
||
| 590 |
_aBATCH-UPD _b10 _c20130110 _lUCH01 _h0607 |
||
| 590 |
_aBATCH-UPD _b10 _c20130410 _lUCH01 _h0249 |
||
| 590 |
_aBATCH-UPD _b10 _c20130914 _lUCH01 _h0829 |
||
| 590 |
_aCONVERSION _b10 _c20130109 _lUCH01 _h1346 |
||
| 650 | 1 | 4 |
_aAgricultura _xSociedades. _91797 |
| 650 | 1 | 4 |
_aCampesinado _xSinaloa. _918039 |
| 650 | 1 | 4 |
_aElecciones _xMéxico. _936208 |
| 650 | 1 | 4 |
_aPartidos políticos _xMéxico. _985818 |
| 650 | 1 | 4 |
_aSinaloa _xCondiciones sociales. _9106533 |
| 901 | _aBK | ||
| 905 | _aEdna Luz | ||
| 942 | _cFOLL | ||
| 949 |
_bBC _cTES _d33724000816302 _eTS2 _fc.2 _h37854 _i94868 _sb |
||
| 949 |
_bBC _cTES _d948681 _eTS1 _h37853 _i94868 _sb |
||
| 999 |
_c83376 _d83376 |
||